000 00452ntaaa2200181 4500
003 01
005 20251027201832.0
008 0714s1973 ag 01
040 _aAR-BaBN
_bspa
_cAR-BaBN
_eaacr
_dRIC
082 _a244.0000 W83
100 _aWolf, Adán
245 _aMargot, la niña inválida
250 _a1 ed.
260 _aBuenos Aires :
_bJunta de Publicaciones,
_cc1943
300 _a127 p
650 _acuentos para niños
_94918
942 _cBK
999 _c13044
_d13044